On This Day: January 20th Quiz Stats

 Plays Quiz Updated Jan 20, 2018

Score 0/7 Timer 03:00
0 Plays Today
Question Answer Wrong Answers
This man is inaugurated as the 35th President of the United States, becoming the youngest person elected to the office in US history.
1961
John F. Kennedy
95.7%
Lyndon B. Johnson
1.2%
Harry S. Truman
1%
Herbert Hoover
0.9%
This American entertainer, who became a centenarian in 1996 and who is one of the few performers whose career successfully spanned vaudeville, radio, film and television, is born.
1896
George Burns
70.4%
Kirk Douglas
6.8%
Fred Astaire
12.6%
Bing Crosby
9.7%
This country’s government imposes Islamic law nationwide, worsening the civil war between the country’s Muslim north and Christian south.
1991
Sudan
56.8%
Libya
17.6%
Morocco
3.7%
Lebanon
19.7%
The last day of the Constantinople Conference results in agreement for political reforms in the ______.
1877
Balkans
54.7%
Baltic States
21.8%
German Empire
10.5%
Mediterranean Islands
13%
President of the ______ Joseph Estrada is ousted in a nonviolent 4-day revolution, and is succeeded by Gloria Macapagal-Arroyo.
2001
Philippines
51.3%
Dominican Republic
35.4%
Bahamas
4.8%
Solomon Islands
6%
______ launches its nuclear weapons program, just weeks after its defeat in the Bangladesh Liberation War.
1972
Pakistan
43.7%
India
38.5%
China
6.5%
North Korea
9.7%
Sparked by a financial crisis, a protest movement in this European country intensifies, with thousands of people showing up to protest at the parliament building.
2009
Iceland
41.5%
France
28.1%
Germany
18.1%
Finland
9.6%

You're not logged in!

Compare scores with friends on all Sporcle quizzes.
OR
Log In

Sporcle TV

Today on Sporcle TV


Watch our educational content, quiz creation guides, and fun videos on Sporcle TV.

Show Comments

Extras

Top Quizzes Today


Score Distribution

Your Account Isn't Verified!

In order to create a playlist on Sporcle, you need to verify the email address you used during registration. Go to your Sporcle Settings to finish the process.

Report this User

Report this user for behavior that violates our Community Guidelines.

Details: